[Event "OLNN 1920 Preetzer TSV - SC Königsspri"]
[Site "?"]
[Date "2020.03.01"]
[Round "7.1"]
[White "Pfreundt, Jakob"]
[Black "Hansen, Mads"]
[Result "1/2-1/2"]
[WhiteElo "2397"]
[BlackElo "2386"]
[PlyCount "69"]
[EventDate "2020.??.??"]

1. d4 d5 2. c4 c6 3. cxd5 cxd5 4. Bf4 Nc6 5. e3 Nf6 6. Bd3 a6 7. h3 Qb6 8. Nc3
Qxb2 9. Nge2 Qb6 10. O-O e6 11. e4 dxe4 12. Nxe4 Nd5 13. Nd6+ Bxd6 14. Bxd6
Nxd4 15. Qa4+ Bd7 16. Qa3 Nb5 17. Bxb5 Bxb5 18. Rfb1 Rd8 19. Bc5 Qc7 20. Nc3 f6
21. Nxb5 axb5 22. Rxb5 Kf7 23. Rab1 Rd7 24. Qb3 Rhd8 25. Bb6 Nxb6 26. Rxb6 Rd1+
27. Rxd1 Rxd1+ 28. Qxd1 Qxb6 29. Qh5+ Kf8 30. Qxh7 Qb2 31. Qh8+ Kf7 32. Qh5+
Ke7 33. Qc5+ Kd7 34. a3 b6 35. Qf8 1/2-1/2

[Event "OLNN 1920 Preetzer TSV - SC Königsspri"]
[Site "?"]
[Date "2020.03.01"]
[Round "7.3"]
[White "Rosmann, Ilja"]
[Black "Reinecker, Kai"]
[Result "1-0"]
[WhiteElo "2287"]
[BlackElo "2282"]
[PlyCount "65"]
[EventDate "2020.??.??"]

1. e4 e5 2. Nf3 Nf6 3. Nxe5 d6 4. Nf3 Nxe4 5. d4 d5 6. Bd3 Be7 7. O-O Nc6 8.
Re1 Bf5 9. Nc3 Nxc3 10. bxc3 Bxd3 11. cxd3 O-O 12. Rb1 Na5 13. Ne5 Bd6 14. Qg4
Kh8 15. Qh5 Bxe5 16. dxe5 Qd7 17. Re3 Qe6 18. Rh3 h6 19. Rf3 d4 20. c4 Nc6 21.
Bf4 Rae8 22. Rxb7 Nxe5 23. Bxe5 Qxe5 24. Qxe5 Rxe5 25. g3 Ra5 26. Rxc7 Rxa2 27.
Rf4 a5 28. Rxd4 a4 29. Ra7 Kg8 30. Rd5 a3 31. Rda5 Re8 32. Rxa3 Rd2 33. Ra8 1-0

[Event "OLNN 1920 Preetzer TSV - SC Königsspri"]
[Site "?"]
[Date "2020.03.01"]
[Round "7.4"]
[White "Schwarz, Frank"]
[Black "Schmidt, Jan-Peter"]
[Result "1/2-1/2"]
[WhiteElo "2233"]
[BlackElo "2258"]
[PlyCount "48"]
[EventDate "2020.??.??"]

1. c4 f5 2. g3 Nf6 3. Bg2 g6 4. Nc3 Bg7 5. Nf3 O-O 6. O-O d6 7. d4 c6 8. Qc2
Na6 9. Rd1 Qc7 10. b3 b5 11. c5 Nb4 12. Qd2 dxc5 13. Bb2 Ne4 14. Nxe4 fxe4 15.
Ng5 e3 16. fxe3 Bh6 17. dxc5 Bxg5 18. Qxb4 Bf5 19. e4 a5 20. Qc3 Bf6 21. e5 Bg7
22. Rd2 Be6 23. Rad1 b4 24. Qd4 a4 1/2-1/2

[Event "OLNN 1920 Preetzer TSV - SC Königsspri"]
[Site "?"]
[Date "2020.03.01"]
[Round "7.5"]
[White "Borgmeyer, Max"]
[Black "Junge, Kai"]
[Result "1/2-1/2"]
[WhiteElo "2182"]
[BlackElo "2184"]
[PlyCount "120"]
[EventDate "2020.??.??"]

1. e4 Nf6 2. e5 Nd5 3. c4 Nb6 4. d4 d6 5. exd6 cxd6 6. Be3 g6 7. Bd3 Bg7 8. Ne2
O-O 9. Nd2 Nc6 10. a3 e5 11. d5 Ne7 12. Qb3 Bf5 13. Bxb6 Qxb6 14. Qxb6 axb6 15.
Bxf5 Nxf5 16. O-O Rfc8 17. Nc3 Bh6 18. Nce4 Nd4 19. Rad1 Rd8 20. Nf6+ Kg7 21.
Ng4 Bg5 22. Ne3 Rdc8 23. g3 f5 24. h4 Be7 25. Kg2 Bf6 26. Rh1 h5 27. Rb1 e4 28.
Rhd1 Re8 29. Kh3 Be5 30. Ndf1 Kf6 31. Ng2 Rec8 32. Nfe3 Nb3 33. Ne1 f4 34. gxf4
Bxf4 35. N1c2 Ke5 36. Rg1 Rg8 37. Ng2 Nd2 38. Rbd1 Nf3 39. Rgf1 Raf8 40. Nce1
g5 41. Nxf3+ exf3 42. Rfe1+ Kf5 43. Nxf4 Kxf4 44. Rd4+ Kf5 45. hxg5 Rxg5 46.
Ree4 Kg6 47. Re6+ Kh7 48. Rxd6 Rg1 49. Re4 Rf7 50. Re5 Rh1+ 51. Kg3 Rg1+ 52.
Kh2 Rg2+ 53. Kh3 Rxf2 54. Rxh5+ Kg7 55. Rdh6 Rxb2 56. Rh7+ Kf8 57. Rxf7+ Kxf7
58. Rf5+ Ke7 59. Rxf3 Rc2 60. Rf4 Rc3+ 1/2-1/2

[Event "OLNN 1920 Preetzer TSV - SC Königsspri"]
[Site "?"]
[Date "2020.03.01"]
[Round "7.6"]
[White "Light, Bjarne"]
[Black "Lock, Adrian"]
[Result "1-0"]
[WhiteElo "2222"]
[BlackElo "2078"]
[PlyCount "97"]
[EventDate "2020.??.??"]

1. d4 d5 2. Nf3 Nf6 3. Bf4 e6 4. e3 c5 5. c3 Nc6 6. Nbd2 Be7 7. h3 a6 8. Bd3 b5
9. O-O O-O 10. dxc5 Bxc5 11. e4 h6 12. Qe2 Bb7 13. Rfd1 Qe7 14. e5 Nd7 15. Nb3
Bb6 16. Nfd4 Rfe8 17. Bg3 f5 18. f4 Nc5 19. Nxc5 Bxc5 20. Bf2 Rec8 21. g4 Bxd4
22. cxd4 g6 23. Kh2 Kh7 24. Rg1 Nb4 25. gxf5 exf5 26. Bb1 Rc7 27. a3 Nc6 28.
Bd3 Bc8 29. Rac1 Be6 30. b4 Nd8 31. Bh4 Qf7 32. Rc5 Nb7 33. Rgc1 Nxc5 34. bxc5
Rc6 35. Qd2 Qb7 36. Rb1 Qd7 37. Qa5 Qc7 38. Rxb5 Qxa5 39. Rxa5 Bc8 40. Bb5 Rc7
41. Bd8 Rb7 42. Bb6 Bd7 43. Bxd7 Rxd7 44. c6 Rg7 45. Rxd5 g5 46. Kg3 Rb8 47. c7
Rxb6 48. c8=Q Rb3+ 49. Kf2 1-0

[Event "OLNN 1920 Preetzer TSV - SC Königsspri"]
[Site "?"]
[Date "2020.03.01"]
[Round "7.7"]
[White "Harder, Clemens"]
[Black "Skaanning-Pedersen, Kim Henrik"]
[Result "0-1"]
[WhiteElo "2162"]
[BlackElo "2248"]
[PlyCount "126"]
[EventDate "2020.??.??"]

1. d4 f5 2. Nf3 Nf6 3. Bg5 e6 4. e3 b6 5. Bd3 Bb7 6. Nbd2 Be7 7. Qe2 Ne4 8.
Bxe7 Qxe7 9. h4 Nxd2 10. Qxd2 Nc6 11. c3 g6 12. O-O-O O-O-O 13. Qe2 h6 14. e4
fxe4 15. Bxe4 Qf6 16. Ne5 Nxe5 17. Bxb7+ Kxb7 18. dxe5 Qf4+ 19. Kc2 Rhf8 20. f3
Rf5 21. Rde1 Rg8 22. Qe4+ Qxe4+ 23. Rxe4 g5 24. h5 Rgf8 25. Rhe1 Rf4 26. Kd3
Kc6 27. Rxf4 gxf4 28. Ke4 d5+ 29. exd6 cxd6 30. Rg1 d5+ 31. Ke5 Kd7 32. g4 fxg3
33. Rxg3 Rf5+ 34. Kd4 Kd6 35. Rh3 Rg5 36. Rh2 e5+ 37. Ke3 Ke6 38. b3 Rg1 39.
Rh4 Kf5 40. Ra4 Rg2 41. Kd3 Rg3 42. Ke2 Rh3 43. Rxa7 Rxh5 44. a4 Rh2+ 45. Ke3
Rb2 46. b4 Rb3 47. Kd2 d4 48. cxd4 exd4 49. Rf7+ Kg6 50. Rb7 Rxb4 51. Kd3 h5
52. Rb8 h4 53. Ke4 Kf7 54. Kd3 Kg7 55. Rb7+ Kg6 56. Rb8 Kg5 57. Rg8+ Kf5 58.
Rg4 h3 59. Rh4 Rb3+ 60. Kc2 Rxf3 61. Rxd4 Rf4 62. Rd8 Rh4 63. Rd1 h2 0-1

[Event "OLNN 1920 Preetzer TSV - SC Königsspri"]
[Site "?"]
[Date "2020.03.01"]
[Round "7.8"]
[White "Dittmann, Hans-Adolf"]
[Black "Cremer, Jochen"]
[Result "0-1"]
[WhiteElo "2093"]
[BlackElo "2101"]
[PlyCount "138"]
[EventDate "2020.??.??"]

1. e4 c5 2. Nf3 d6 3. d4 Nf6 4. Nc3 cxd4 5. Nxd4 a6 6. Bc4 e6 7. Bb3 Nbd7 8.
Qe2 Nc5 9. g4 Be7 10. g5 Nfd7 11. Rg1 Qc7 12. Be3 Nxb3 13. axb3 b6 14. O-O-O
Bb7 15. Kb1 b5 16. f3 Nc5 17. h4 g6 18. h5 e5 19. b4 Na4 20. Nb3 Nxc3+ 21. bxc3
Qxc3 22. Bd2 Qc7 23. Qd3 Rc8 24. Na5 Bc6 25. Rh1 Rf8 26. f4 Ba8 27. hxg6 hxg6
28. Rh2 d5 29. exd5 Bxd5 30. fxe5 Be6 31. Rf2 Bf5 32. Rxf5 Rd8 33. Qf3 gxf5 34.
Nc6 Rc8 35. Nd4 Qc4 36. Qxf5 Rd8 37. Nb3 Bxb4 38. e6 Bxd2 39. e7 Kxe7 40. Qf6+
Ke8 41. Nxd2 Qe6 42. Qf2 Rd5 43. Qg3 Kd7 44. Re1 Qd6 45. Qg4+ Kc7 46. Nb3 Rd8
47. Re3 Kb8 48. Rc3 Rd7 49. Qh4 Rc7 50. Rh3 Rd1+ 51. Nc1 Rc4 52. Qh8+ Ka7 53.
Qe8 Rb4+ 54. Ka2 Qe6+ 55. Qxe6 fxe6 56. Nb3 Rc4 57. Kb2 Rg1 58. Re3 Rg2 59. Na1
Rc6 60. Re5 Kb6 61. Kb3 Kc7 62. c3 Kd6 63. Re3 Rxg5 64. Nc2 Rc8 65. Rh3 Re8 66.
Ne3 e5 67. Rh6+ Re6 68. Rh8 e4 69. c4 Rg3 0-1

[Event "OLNN 1920 SK Doppelbauer Kiel - SF Schw"]
[Site "?"]
[Date "2020.03.01"]
[Round "7.1"]
[White "Kesten, Sebastian"]
[Black "Arndt, Magnus"]
[Result "1/2-1/2"]
[WhiteElo "2289"]
[BlackElo "2298"]
[PlyCount "21"]
[EventDate "2020.??.??"]

1. d4 Nf6 2. Nf3 e6 3. g3 d5 4. Bg2 Be7 5. O-O O-O 6. b3 Nbd7 7. Bb2 b6 8. c4
Bb7 9. Nc3 c5 10. cxd5 Nxd5 11. Nxd5 1/2-1/2

[Event "OLNN 1920 SK Doppelbauer Kiel - SF Schw"]
[Site "?"]
[Date "2020.03.01"]
[Round "7.2"]
[White "Beeck, Mats"]
[Black "Schulz, Karsten"]
[Result "1/2-1/2"]
[WhiteElo "2121"]
[BlackElo "2301"]
[PlyCount "80"]
[EventDate "2020.??.??"]

1. d4 d6 2. Nf3 Nf6 3. c4 Nbd7 4. Nc3 e5 5. e4 Be7 6. Be2 O-O 7. O-O c6 8. Qc2
Qc7 9. Rd1 a6 10. h3 b5 11. a3 Bb7 12. Be3 Rfe8 13. dxe5 dxe5 14. b4 Nf8 15.
Rac1 Rad8 16. Qb3 Rxd1+ 17. Rxd1 Ne6 18. a4 bxa4 19. Qxa4 c5 20. Nd5 Bxd5 21.
exd5 Nd4 22. Bxd4 exd4 23. Qxa6 cxb4 24. Bd3 Bc5 25. g3 b3 26. Rb1 Rb8 27. Rb2
Rb6 28. Qa4 Rb4 29. Qa1 Rb7 30. Qb1 Qd7 31. Kg2 g6 32. Rxb3 Rxb3 33. Qxb3 Kg7
34. Qb2 Qa7 35. Ne5 Nd7 36. Nc6 Qc7 37. f4 Qd6 38. Kf3 Qf6 39. Qb7 Qd6 40. g4
g5 1/2-1/2

[Event "OLNN 1920 SK Doppelbauer Kiel - SF Schw"]
[Site "?"]
[Date "2020.03.01"]
[Round "7.3"]
[White "De Jong, Migchiel"]
[Black "Wanner, Lukas"]
[Result "1-0"]
[WhiteElo "2337"]
[BlackElo "2087"]
[PlyCount "91"]
[EventDate "2020.??.??"]

1. e4 c5 2. Nf3 g6 3. c4 Nc6 4. d4 cxd4 5. Nxd4 Nf6 6. Nc3 Nxd4 7. Qxd4 d6 8.
Be3 Bg7 9. f3 O-O 10. Qd2 a5 11. b3 Be6 12. Rc1 Nd7 13. Be2 Nc5 14. O-O Qb6 15.
Nb5 Rfc8 16. Rfd1 Qd8 17. Bf1 h5 18. Bg5 Qf8 19. Nc3 Kh7 20. Re1 Bh6 21. Bxh6
Qxh6 22. f4 Re8 23. Qf2 Rac8 24. e5 dxe5 25. Rxe5 b6 26. Rce1 Rcd8 27. Nd5 Bxd5
28. cxd5 e6 29. Bb5 Rf8 30. dxe6 Nxe6 31. g3 Nc5 32. Bc4 Qg7 33. f5 g5 34. Qe3
Qf6 35. a3 Kg7 36. b4 axb4 37. axb4 Nb7 38. Bb3 Rb8 39. Rd1 Nd6 40. Rxd6 Qxd6
41. Qxg5+ Kh7 42. f6 Qd4+ 43. Re3 Qg4 44. Bc2+ Kh8 45. Qh6+ Kg8 46. Qh7# 1-0

[Event "OLNN 1920 SK Doppelbauer Kiel - SF Schw"]
[Site "?"]
[Date "2020.03.01"]
[Round "7.4"]
[White "Rieper, Julian"]
[Black "Hilwerda, Jonas"]
[Result "0-1"]
[WhiteElo "2118"]
[BlackElo "2206"]
[PlyCount "66"]
[EventDate "2020.??.??"]

1. e4 c5 2. Nf3 Nc6 3. d4 cxd4 4. Nxd4 Nf6 5. Nc3 e5 6. Ndb5 d6 7. Bg5 a6 8.
Na3 b5 9. Nd5 Be7 10. Bxf6 Bxf6 11. c4 b4 12. Nc2 O-O 13. Qd3 a5 14. O-O-O Be6
15. g3 Bxd5 16. Qxd5 Qb6 17. Bh3 Rfd8 18. Qb5 Qc7 19. Kb1 Rdb8 20. Qa4 b3 21.
axb3 Nd4 22. Nxd4 exd4 23. Rd3 Rb4 24. Qa2 a4 25. Re1 Qb8 26. bxa4 Raxa4 27.
Ra3 d3 28. e5 Rxa3 29. Qxa3 Bxe5 30. Qxd3 Rxb2+ 31. Kc1 Qa8 32. Rxe5 Qa1+ 33.
Qb1 Qxb1# 0-1

[Event "OLNN 1920 SK Doppelbauer Kiel - SF Schw"]
[Site "?"]
[Date "2020.03.01"]
[Round "7.5"]
[White "Reichmann, Hendrik"]
[Black "Saglam, Buelent"]
[Result "1-0"]
[WhiteElo "2344"]
[BlackElo "2119"]
[PlyCount "75"]
[EventDate "2020.??.??"]

1. d4 Nf6 2. Bf4 c5 3. e3 cxd4 4. exd4 Qb6 5. Nc3 e6 6. a3 a6 7. Nf3 d6 8. Be2
Bd7 9. Rb1 Be7 10. O-O O-O 11. h3 Rc8 12. Re1 Bf8 13. Bg5 Bc6 14. Bxf6 gxf6 15.
d5 exd5 16. Bd3 Nd7 17. Bf5 Re8 18. Rxe8 Rxe8 19. Nxd5 Bxd5 20. Bxd7 Bxf3 21.
Qxf3 Re7 22. Qg4+ Bg7 23. Bf5 Qc6 24. Rd1 Re5 25. Rd3 Qxc2 26. Rxd6 Qc7 27. Rd1
Rc5 28. g3 Rc1 29. Qe2 Qe5 30. Bxh7+ Kh8 31. Bd3 Rxd1+ 32. Qxd1 Qxb2 33. Be4
Qxa3 34. Qd7 b5 35. Qxf7 Qd6 36. Qh5+ Kg8 37. Bd5+ Kf8 38. Qf7# 1-0

[Event "OLNN 1920 SK Doppelbauer Kiel - SF Schw"]
[Site "?"]
[Date "2020.03.01"]
[Round "7.6"]
[White "Petri, Alexander"]
[Black "Wolf, Christoph"]
[Result "1/2-1/2"]
[WhiteElo "2137"]
[BlackElo "2212"]
[PlyCount "41"]
[EventDate "2020.??.??"]

1. d4 d5 2. Nf3 Nf6 3. c4 e6 4. g3 Be7 5. Bg2 O-O 6. O-O dxc4 7. Qa4 a6 8. Qxc4
b5 9. Qc2 Bb7 10. Bd2 Be4 11. Qc1 c6 12. Be3 Nbd7 13. Nc3 Bd5 14. Nxd5 cxd5 15.
Bd2 Rc8 16. Qd1 Nb6 17. Rc1 Rxc1 18. Bxc1 Qc7 19. Bf4 Bd6 20. Bxd6 Qxd6 21. Qb1
1/2-1/2

[Event "OLNN 1920 SK Doppelbauer Kiel - SF Schw"]
[Site "?"]
[Date "2020.03.01"]
[Round "7.7"]
[White "Grahl, Arvid"]
[Black "Ghadimi, Mohammed Reza"]
[Result "1/2-1/2"]
[WhiteElo "2190"]
[BlackElo "2132"]
[PlyCount "60"]
[EventDate "2020.??.??"]

1. d4 Nf6 2. c4 g6 3. Nc3 d5 4. Nf3 Bg7 5. Qb3 dxc4 6. Qxc4 O-O 7. e4 Na6 8.
Be2 c5 9. d5 e6 10. O-O exd5 11. exd5 b5 12. Nxb5 Qxd5 13. Qxd5 Nxd5 14. Rd1
Nac7 15. Nxc7 Nxc7 16. Bf4 Ba6 17. Bxa6 Nxa6 18. Rd2 Nb4 19. a3 Nc6 20. Be3
Rfc8 21. Rad1 Na5 22. Rc2 Nb3 23. Kf1 Rd8 24. Rxd8+ Rxd8 25. Ke2 a5 26. Nd2 a4
27. Nxb3 axb3 28. Rxc5 Bxb2 29. Rb5 Bxa3 30. Rxb3 Bf8 1/2-1/2

[Event "OLNN 1920 SK Doppelbauer Kiel - SF Schw"]
[Site "?"]
[Date "2020.03.01"]
[Round "7.8"]
[White "Buchholz, Sebastian"]
[Black "Heinsohn, Wilfried"]
[Result "1/2-1/2"]
[WhiteElo "2152"]
[BlackElo "2130"]
[PlyCount "57"]
[EventDate "2020.??.??"]

1. e4 c5 2. Nf3 Nc6 3. d4 cxd4 4. Nxd4 g6 5. c4 Bg7 6. Be3 Nf6 7. Nc3 d6 8. Be2
O-O 9. O-O a6 10. Rc1 Bd7 11. a3 Rc8 12. Nxc6 Bxc6 13. f3 Qa5 14. Rc2 b5 15.
Qd2 bxc4 16. Bxc4 Rfe8 17. Rfc1 Bb7 18. Ba2 Nd7 19. Nd5 Qxd2 20. Bxd2 Rxc2 21.
Rxc2 e6 22. Ne3 Rc8 23. Rxc8+ Bxc8 24. b4 Nb6 25. Kf2 Bb2 26. Nc2 Bd7 27. Bb3
Bb5 28. Be3 Nc4 29. a4 1/2-1/2

[Event "OLNN 1920 SC Diogenes - SK Norderstedt"]
[Site "?"]
[Date "2021.08.08"]
[Round "7.1"]
[White "Ostrovskiy, Andrey"]
[Black "Hochgraefe, Markus"]
[Result "1/2-1/2"]
[WhiteElo "2422"]
[BlackElo "2399"]
[PlyCount "53"]
[EventDate "2021.??.??"]

1. e4 c6 2. d4 d5 3. exd5 cxd5 4. Bd3 Nc6 5. c3 Nf6 6. Bf4 Bg4 7. Qb3 Qd7 8.
Nd2 e6 9. Ngf3 Bd6 10. Bxd6 Qxd6 11. O-O O-O 12. Rae1 Ne7 13. Ne5 Bf5 14. Re3
Bxd3 15. Nxd3 Rab8 16. Qd1 a5 17. Rh3 h5 18. Nf3 g6 19. Nfe5 Kg7 20. Qc1 Rh8
21. Re1 Nf5 22. Nf4 Rbe8 23. a4 Qe7 24. Rd3 Qd6 25. Rh3 Qe7 26. Rd3 Qd6 27. Rh3
1/2-1/2

[Event "OLNN 1920 SC Diogenes - SK Norderstedt"]
[Site "?"]
[Date "2021.08.08"]
[Round "7.2"]
[White "Schulenburg, Fabian"]
[Black "Kopylov, Michael"]
[Result "1-0"]
[WhiteElo "2279"]
[BlackElo "2392"]
[PlyCount "83"]
[EventDate "2021.??.??"]

1. e4 c5 2. Nf3 a6 3. c4 b6 4. d4 cxd4 5. Nxd4 Bb7 6. Nc3 e6 7. Be2 Qc7 8. Be3
Nf6 9. f3 d6 10. O-O Be7 11. Qd2 O-O 12. Rac1 Nbd7 13. Rfd1 Rac8 14. b3 Rfe8
15. Bf1 Qb8 16. Nde2 Ba8 17. Nf4 Ne5 18. Kh1 Bc6 19. a4 Ba8 20. Qf2 Bd8 21. Rb1
Bc7 22. Qh4 d5 23. cxd5 Neg4 24. fxg4 Bxf4 25. Bxf4 Qxf4 26. Bc4 Nxe4 27. Nxe4
exd5 28. Ng5 h6 29. Nh3 Qe4 30. Bd3 Qb4 31. Qh5 d4 32. Rf1 Rc7 33. Bc4 Ree7 34.
g5 Qd2 35. Rf2 Qe3 36. Rbf1 Rxc4 37. bxc4 g6 38. Qh4 d3 39. Qf4 hxg5 40. Qxe3
Rxe3 41. Nxg5 f5 42. Rd2 1-0

[Event "OLNN 1920 SC Diogenes - SK Norderstedt"]
[Site "?"]
[Date "2021.08.08"]
[Round "7.3"]
[White "Trent, Lawrence"]
[Black "Schulenburg, Torben"]
[Result "1-0"]
[WhiteElo "2399"]
[BlackElo "2188"]
[PlyCount "65"]
[EventDate "2021.??.??"]

1. e4 e6 2. d4 d5 3. Nd2 Nc6 4. Ngf3 Nf6 5. e5 Nd7 6. Nb3 a5 7. a4 b6 8. Bf4
Be7 9. h4 h6 10. c3 Ncb8 11. Rh3 c5 12. Bb5 Ba6 13. Nc1 Qc7 14. Ne2 Nc6 15. Kf1
Qb7 16. Kg1 Na7 17. c4 Bxb5 18. cxb5 Rc8 19. h5 Nf8 20. Rg3 g5 21. hxg6 fxg6
22. Rh3 h5 23. Be3 Bd8 24. Qd2 cxd4 25. Nexd4 Rh7 26. Bg5 Bxg5 27. Nxg5 Re7 28.
Rf3 Kd7 29. Nf7 Qb8 30. Nd6 Rc5 31. Qh6 Nh7 32. Qxg6 Qh8 33. Nf7 1-0

[Event "OLNN 1920 SC Diogenes - SK Norderstedt"]
[Site "?"]
[Date "2021.08.08"]
[Round "7.4"]
[White "Mach, Holger"]
[Black "Hagenstein, Frank"]
[Result "1/2-1/2"]
[WhiteElo "2213"]
[BlackElo "2234"]
[PlyCount "50"]
[EventDate "2021.??.??"]

1. e4 Nf6 2. e5 Nd5 3. d4 d6 4. f4 dxe5 5. fxe5 Bf5 6. Nf3 e6 7. Bd3 Bxd3 8.
Qxd3 c5 9. O-O Be7 10. dxc5 O-O 11. Kh1 Na6 12. Qe4 Nxc5 13. Qg4 f5 14. exf6
Nxf6 15. Qh3 Nfe4 16. Be3 Qd5 17. Nbd2 Rf5 18. Nxe4 Qxe4 19. Rae1 Qxc2 20. Bxc5
Qxc5 21. Rxe6 Raf8 22. Rfe1 Bd6 23. Re8 Qd5 24. Rxf8+ Bxf8 25. Qg4 g6 1/2-1/2

[Event "OLNN 1920 SC Diogenes - SK Norderstedt"]
[Site "?"]
[Date "2021.08.08"]
[Round "7.5"]
[White "Michna, Christian"]
[Black "Laqua, Christian"]
[Result "1/2-1/2"]
[WhiteElo "2223"]
[BlackElo "2103"]
[PlyCount "32"]
[EventDate "2021.??.??"]

1. d4 c5 2. d5 Nf6 3. Nc3 g6 4. e4 d6 5. Bb5+ Bd7 6. a4 Bg7 7. Nf3 Bxb5 8. axb5
Nbd7 9. O-O O-O 10. Qe2 Ne8 11. Bf4 Nc7 12. Rfd1 Nb6 13. e5 f6 14. e6 Qe8 15.
h4 h6 16. Bg3 f5 1/2-1/2

[Event "OLNN 1920 SC Diogenes - SK Norderstedt"]
[Site "?"]
[Date "2021.08.08"]
[Round "7.7"]
[White "Meyer, Falko"]
[Black "Apitzsch, Leon Fabian"]
[Result "1-0"]
[WhiteElo "2206"]
[BlackElo "1987"]
[PlyCount "79"]
[EventDate "2021.??.??"]

1. d4 d5 2. Nc3 Nf6 3. Bg5 g6 4. Bxf6 exf6 5. e3 Bg7 6. Qf3 c6 7. g4 f5 8. gxf5
Bxf5 9. Bd3 Bxd3 10. cxd3 b5 11. Nge2 O-O 12. O-O Nd7 13. Rfc1 Nb6 14. Rc2 Rc8
15. Rac1 a5 16. Nf4 Qd6 17. Qg4 f5 18. Qg3 Rfe8 19. Nce2 Qd7 20. Kg2 b4 21. h4
Bf6 22. Ng1 Kh8 23. Nf3 Rg8 24. Kf1 Rge8 25. Ke2 Na4 26. Ne5 Bxe5 27. dxe5 c5
28. h5 gxh5 29. Nxh5 Rg8 30. Qf3 Qe6 31. Nf6 Qxe5 32. Nxg8 Rxg8 33. Rh1 Rg6 34.
Qh5 Rg7 35. f4 Qe6 36. Kf2 Qd7 37. Rg1 Rxg1 38. Kxg1 d4 39. Rg2 dxe3 40. Qg5
1-0

[Event "OLNN 1920 SC Diogenes - SK Norderstedt"]
[Site "?"]
[Date "2021.08.08"]
[Round "7.8"]
[White "Kilic, Oguz"]
[Black "Bohnsack, Ralf"]
[Result "1/2-1/2"]
[WhiteElo "2042"]
[BlackElo "2166"]
[PlyCount "39"]
[EventDate "2021.??.??"]

1. e4 c5 2. Nc3 Nc6 3. g3 g6 4. Bg2 Bg7 5. d3 e6 6. Nh3 Nge7 7. O-O O-O 8. Be3
b6 9. Qd2 Bb7 10. Bh6 d6 11. Bxg7 Kxg7 12. f4 Qd7 13. Nd1 f5 14. Ne3 d5 15.
exf5 exf5 16. Rae1 Rad8 17. Ng5 h6 18. Nf3 Rfe8 19. d4 Qd6 20. c3 1/2-1/2

[Event "OLNN 1920 SF Schwerin - SC Diogenes"]
[Site "?"]
[Date "2021.08.14"]
[Round "8.1"]
[White "Hochgraefe, Markus"]
[Black "Kesten, Sebastian"]
[Result "1/2-1/2"]
[WhiteElo "2399"]
[BlackElo "2289"]
[PlyCount "39"]
[EventDate "2021.??.??"]

1. Nf3 g6 2. c4 Bg7 3. e4 c5 4. d4 cxd4 5. Nxd4 Nc6 6. Be3 Nf6 7. Nc3 O-O 8.
Be2 d6 9. O-O a5 10. Ndb5 a4 11. f3 Qa5 12. Rc1 Nd7 13. Qd2 Nc5 14. Rfd1 Rd8
15. Nd5 Kf8 16. Rb1 Be6 17. Nbc7 Qxd2 18. Rxd2 Ra5 19. Kf2 Bxd5 20. Nxd5
1/2-1/2

[Event "OLNN 1920 SF Schwerin - SC Diogenes"]
[Site "?"]
[Date "2021.08.14"]
[Round "8.2"]
[White "Schulz, Karsten"]
[Black "Schulenburg, Fabian"]
[Result "1/2-1/2"]
[WhiteElo "2302"]
[BlackElo "2279"]
[PlyCount "32"]
[EventDate "2021.??.??"]

1. Nf3 d5 2. g3 Nf6 3. Bg2 g6 4. c4 c6 5. b3 Bg7 6. Bb2 O-O 7. O-O Re8 8. Qc2
Nbd7 9. Nc3 dxc4 10. bxc4 e5 11. d3 Nc5 12. Rfd1 Qc7 13. Rab1 Bf5 14. Nd2 Rad8
15. Nb3 Nfd7 16. Ba3 Bf8 1/2-1/2

[Event "OLNN 1920 SF Schwerin - SC Diogenes"]
[Site "?"]
[Date "2021.08.14"]
[Round "8.3"]
[White "Schulenburg, Torben"]
[Black "De Jong, Migchiel"]
[Result "1-0"]
[WhiteElo "2188"]
[BlackElo "2345"]
[PlyCount "83"]
[EventDate "2021.??.??"]

1. d4 e6 2. c4 Bb4+ 3. Nd2 Nf6 4. a3 Be7 5. e4 d6 6. Bd3 O-O 7. Ne2 c5 8. d5
Nbd7 9. f4 Re8 10. O-O Bf8 11. Nc3 g6 12. dxe6 fxe6 13. Qe2 Bg7 14. Bc2 Nh5 15.
Nf3 Rf8 16. g3 Bxc3 17. bxc3 e5 18. f5 Ndf6 19. Nh4 gxf5 20. exf5 Kh8 21. Bg5
Rg8 22. Nf3 Bd7 23. Rad1 Qf8 24. Qd2 e4 25. Nh4 Bc6 26. Ng2 Re8 27. Bh4 Ng4 28.
Ne3 Ne5 29. Qxd6 Nf3+ 30. Rxf3 exf3 31. Kf2 Qf7 32. Qxc5 Ng7 33. Rd6 Rxe3 34.
Qxe3 Re8 35. Rd8 Rxd8 36. Bxd8 Kg8 37. f6 Ne6 38. Be7 b6 39. Bf5 Nf8 40. Qd4
Qe8 41. Qg4+ Ng6 42. h4 1-0

[Event "OLNN 1920 SF Schwerin - SC Diogenes"]
[Site "?"]
[Date "2021.08.14"]
[Round "8.4"]
[White "Hilwerda, Jonas"]
[Black "Mach, Holger"]
[Result "1-0"]
[WhiteElo "2240"]
[BlackElo "2213"]
[PlyCount "151"]
[EventDate "2021.??.??"]

1. e4 c5 2. Nf3 Nc6 3. d4 cxd4 4. Nxd4 e5 5. Nb5 d6 6. N1c3 a6 7. Na3 b5 8. Nd5
Be7 9. c4 b4 10. Nc2 Rb8 11. g3 Nf6 12. Bg2 Be6 13. O-O h5 14. h4 Ng4 15. Nxe7
Nxe7 16. b3 Ng6 17. Bg5 Qb6 18. Qe2 O-O 19. Rad1 f6 20. Be3 Qc7 21. Bd2 a5 22.
f3 Nh6 23. Bxh6 gxh6 24. Qd2 Qg7 25. Qxd6 Rbe8 26. Ne3 Kh8 27. Rf2 Rg8 28. Rfd2
Nf8 29. Nf1 f5 30. exf5 Bxf5 31. Qb6 e4 32. fxe4 Bxe4 33. Qxa5 Bxg2 34. Rxg2
Ng6 35. Qd5 Ne5 36. Kh1 Rgf8 37. Qd4 Rd8 38. Qxd8 Rxd8 39. Rxd8+ Kh7 40. Rd4
Nf3 41. Rf4 Ne1 42. Rgf2 Nd3 43. Kg2 Nxf2 44. Rxf2 Qb7+ 45. Kh2 Qe4 46. Kg1 Qd4
47. Nh2 Kg7 48. Nf3 Qe3 49. Kg2 Qe4 50. Rd2 Qe3 51. Rd7+ Kf6 52. Rd6+ Ke7 53.
Rd2 Kf8 54. Rf2 Kg8 55. Ng1 Qe4+ 56. Kh2 Qe3 57. Nh3 Qe1 58. Rg2 Kh7 59. Nf4
Qd1 60. Re2 Qf1 61. Re7+ Kg8 62. Rb7 Qf2+ 63. Ng2 Qd2 64. c5 Qc3 65. c6 Qxc6
66. Rxb4 Qc3 67. Rb5 Qb2 68. a4 Kf8 69. a5 Ke8 70. Rxh5 Qxb3 71. Rxh6 Qa2 72.
a6 Kf7 73. Rb6 Qa5 74. Rb7+ Kg6 75. a7 Kf5 76. Rb5+ 1-0

[Event "OLNN 1920 SF Schwerin - SC Diogenes"]
[Site "?"]
[Date "2021.08.14"]
[Round "8.5"]
[White "Gottuk, Stefan"]
[Black "Wolf, Christoph"]
[Result "1/2-1/2"]
[WhiteElo "2148"]
[BlackElo "2210"]
[PlyCount "34"]
[EventDate "2021.??.??"]

1. d4 d5 2. Bf4 Nf6 3. e3 c5 4. c3 Nc6 5. Nd2 e6 6. Bd3 cxd4 7. exd4 Bd6 8.
Bxd6 Qxd6 9. Qe2 O-O 10. Ngf3 Nh5 11. g3 g6 12. O-O f6 13. Rfe1 Bd7 14. Nf1
Rae8 15. Qd2 e5 16. Be2 e4 17. Nh4 Ng7 1/2-1/2

[Event "OLNN 1920 SF Schwerin - SC Diogenes"]
[Site "?"]
[Date "2021.08.14"]
[Round "8.6"]
[White "Grahl, Arvid"]
[Black "Apitzsch, Leon Fabian"]
[Result "0-1"]
[WhiteElo "2186"]
[BlackElo "1987"]
[PlyCount "116"]
[EventDate "2021.??.??"]

1. d4 d5 2. c4 c6 3. Nc3 Nf6 4. Nf3 dxc4 5. e3 b5 6. a4 b4 7. Nb1 Bg4 8. Bxc4
e6 9. Nbd2 Be7 10. h3 Bh5 11. a5 O-O 12. O-O Nbd7 13. b3 c5 14. Be2 Nd5 15. Bb2
Rc8 16. Nc4 cxd4 17. Nxd4 Bg6 18. Nb5 a6 19. Nd4 Nc5 20. Ne5 Qd6 21. Nxg6 hxg6
22. Bc4 Bf6 23. Qf3 Rfd8 24. Rfd1 Qe5 25. Rd2 Ne4 26. Rc2 Ndc3 27. Bxa6 Rc7 28.
Bc4 Qc5 29. a6 Bxd4 30. exd4 Qxd4 31. Qe3 Qxe3 32. fxe3 Kf8 33. Bxc3 Nxc3 34.
Kf2 Ke7 35. Ke1 Rcd7 36. Be2 e5 37. Ra5 Rd5 38. Rxd5 Rxd5 39. Rd2 Ra5 40. Bc4
Ra1+ 41. Kf2 Ne4+ 42. Ke2 Nxd2 43. Kxd2 Ra2+ 44. Kd3 Ra5 45. g4 f5 46. g5 Kd6
47. Bf7 Rxa6 48. Bxg6 Ke6 49. Kc4 Rb6 50. h4 f4 51. exf4 exf4 52. Bd3 Ke5 53.
h5 Rd6 54. Be2 Rd4+ 55. Kc5 Rd2 56. Ba6 Rh2 57. Kxb4 Rxh5 58. g6 Kd4 0-1